Central Library OPAC University of Rajshahi

An elementary treatise on solid geometry / (Record no. 50629)

MARC details
000 -LEADER
fixed length control field 00613nam a2200217 a 4500
001 - CONTROL NUMBER
control field 50629
003 - CONTROL NUMBER IDENTIFIER
rucl marc code BD-RjUL
005 - DATE AND TIME OF LATEST TRANSACTION
control field 20211209075535.0
008 - FIXED-LENGTH DATA ELEMENTS--GENERAL INFORMATION
fixed length control field 160828s1957 enka|||| ||| 000 0 eng d
035 ## - SYSTEM CONTROL NUMBER
System control number (BD-RjUL) 50749
040 ## - CATALOGING SOURCE
Original cataloging agency BD-RjUL
Language of cataloging eng
Transcribing agency BD-RjUL
041 ## - LANGUAGE CODE
Language code of text/sound track or separate title eng
082 ## - DEWEY DECIMAL CLASSIFICATION NUMBER
Edition number 23
Classification number 516.33
Author mark and year SME 1957
100 ## - MAIN ENTRY--PERSONAL NAME
Personal name Smith, Charles
9 (RLIN) 151143
245 ## - TITLE STATEMENT
Title An elementary treatise on solid geometry /
Statement of responsibility, etc. Charles Smith
250 ## - EDITION STATEMENT
Edition statement 2nd. ed.
260 ## - PUBLICATION, DISTRIBUTION, ETC. (IMPRINT)
Place of publication, distribution, etc. London :
Name of publisher, distributor, etc. Macmillan,
Date of publication, distribution, etc. c1886 [reprinted 1957]
300 ## - PHYSICAL DESCRIPTION
Pagination xv, 242 p. :
Illustrations ill. ;
Size 20 cm.
650 ## - SUBJECT ADDED ENTRY--TOPICAL TERM
Topical term or geographic name as entry element Geometry
9 (RLIN) 151604
General subdivision Solid
942 ## - ADDED ENTRY ELEMENTS (KOHA)
Source of classification or shelving scheme Dewey Decimal Classification
Koha item type Books
Holdings
Lost status Source of classification or shelving scheme Damaged status Not for loan Collection code Permanent Location Current Location Shelving location Date acquired Source of acquisition Cost, normal purchase price Total Checkouts Full call number Date last seen Copy number Koha item type
  Dewey Decimal Classification     Non-fiction Central Library, University of Rajshahi Central Library, University of Rajshahi   09/03/1963 Zeitlinger 10.00   516.33 SME 1957 28/08/2016 C-2 Books
  Dewey Decimal Classification     Non-fiction Central Library, University of Rajshahi Central Library, University of Rajshahi   09/03/1963 Zeitlinger 10.00   516.33 SME 1957 01/09/2016 C-3 Books